000 00655nam a2200193 a 4500
005 20140412111308.0
008 060407s19uu xx 00 eng d
020 _a1-85435-624-0
050 _aREF 507
_bK46Co 1997
100 _aKerrod, Robin
245 _aLet's investigate science :
_bCommunications /
_cRobin Kerrod ; illustrated by Ted Evans.
260 _aNew York :
_bMarshall Cavendish,
_c1997.
300 _a64 p. ; ill.
440 _aLet's inevstigate science
650 _aTelecommunication
_xJuvenile literature
650 _aCommunication
_xJuvenile literature
650 _aEnvironmental protection
_xJuvenile literature
999 _c103827
_d103827